000 00882nam a22002417a 4500
008 081230t xxu||||| |||| 00| 0 eng d
010 _aENG-92282
020 _a8188492523
_c200.00
020 _a9788188492527
_c200.00
035 _aEN-75815
037 _bDBAD / PUB
040 _adpl
_bEnglish
082 _a881
100 _aSharan, N.N.
245 _aNilambar-Pitambar:
_cby N.N. Sharan
_b(the heroes of 1857 in Palamau)
246 _aNilambar-Pitambar (long poem):
_b(the heroes of 1857 in Palamau)
260 _aAgra
_bArvind Prakashan
_c2007
270 _a15/131, Soron Katra, Shahganj
_bAgra
_e10
300 _a181p.
_c19cm (pbk)
650 _aPatriotic poetry, English.
942 _2ddc
_cEN
_mSHA
_h881
999 _c20361
_d20361